000 00686nam a2200205Ia 4500
001 15012
003 GE_BSU
008 181216s||||||||xx |||||||||||||| ||und||
040 _cGE_BSU
080 _a514.17+517.54
100 _aБолтянский,В.Г. Баладзе,э.Д.
245 _aПроблема Секефальви-Надя в комбинаторной геометрии
245 _cРед.Ф.И.Кизнер. Е.Ю.Ходан
260 _aМосква
260 _bФизматлит
260 _c1997
300 _a223стр.22см.
653 _aПроблема Секефальви-Надя в комбинаторной геометрии
942 _cBK
999 _c48131
_d48131